| 000 | 00507nam a2200205Ia 4500 | ||
|---|---|---|---|
| 003 | LK-CoDNM | ||
| 005 | 20240322115030.0 | ||
| 008 | 010623t1959 xxu||||| |||| 00| 1 sin d | ||
| 040 |
_aLK-CoDNM _dLK-CoDNM _eLK-CoDNM |
||
| 041 | _asin | ||
| 080 | _aඊ25 | ||
| 100 | _aDisanayaka,Mahanama | ||
| 245 | _aරසවාහිනි | ||
| 246 | _aRasavahini | ||
| 260 |
_bTimes of Ceylon _aColombo _c1959 |
||
| 300 |
_bDamaged _a96p.,24 cm |
||
| 650 | _aAristotle | ||
| 650 | _aSugar Cane | ||
| 942 | _cBK | ||
| 999 |
_c105095 _d105095 |
||